Test primeranosti technických rezerv v životnom poistení

Stručná informácia o Smernici Slovenskej spoločnosti aktuárov, účinnej od 1. januára 2006, ktorej cieľom je poskytnúť vyčerpávajúci návod na vykonanie testu, stanoviť zásady výpočtu technických rezerv tak, aby vyjadrovali finančnú situáciu poisťovní. Smernica je navrhnutá v súlade s medzinárodnými ú...

ver descrição completa

Na minha lista:
Detalhes bibliográficos
Autor principal: Krčová, Ingrid, 1969-
Formato: Capítulo de Livro
Idioma:eslovaco
Assuntos:
Tags: Adicionar Tag
Sem tags, seja o primeiro a adicionar uma tag!

MARC

LEADER 00000naa$a2200000$$$4500
001 0045992
005 20240502071531.9
041 0 |a slo 
044 |a SK 
245 1 0 |a Test primeranosti technických rezerv v životnom poistení  |c Ingrid Krčová 
520 |a Stručná informácia o Smernici Slovenskej spoločnosti aktuárov, účinnej od 1. januára 2006, ktorej cieľom je poskytnúť vyčerpávajúci návod na vykonanie testu, stanoviť zásady výpočtu technických rezerv tak, aby vyjadrovali finančnú situáciu poisťovní. Smernica je navrhnutá v súlade s medzinárodnými účtovnými štandardami IFRS 4. 
610 2 0 |a trh poistný 
610 2 0 |a Slovensko 
610 2 0 |a rezervy technické 
610 2 0 |a testy 
610 2 0 |a poisťovne 
610 2 0 |a poistenie životné 
100 1 |a Krčová, Ingrid, 1969-